Consecutive Stanley Cup Wins - Statistics

General Stats
  • This quiz has been taken 34 times
    12 since last reset
  • The average score is 14 of 19
Answer Stats
# Team Years % Correct
2 Florida Panthers 2024-2025
100%
5 Montreal Canadiens 1956-1960
100%
2 Pittsburgh Penguins 2016-2017
100%
2 Tampa Bay Lightning 2020-2021
100%
4 Montreal Canadiens 1976-1979
89%
4 New York Islanders 1980-1983
89%
3 Toronto Maple Leafs 1962-1964
89%
2 Detroit Red Wings 1997-1998
78%
2 Edmonton Oilers 1987-1988
78%
2 Edmonton Oilers 1984-1985
78%
2 Pittsburgh Penguins 1991-1992
78%
3 Toronto Maple Leafs 1947-1949
78%
2 Montreal Canadiens 1968-1969
67%
2 Montreal Canadiens 1965-1966
67%
2 Philadelphia Flyers 1974-1975
67%
2 Detroit Red Wings 1954-1955
56%
2 Montreal Canadiens 1930-1931
56%
2 Detroit Red Wings 1936-1937
44%
2 Ottawa Senators 1920-1921
22%
No matching quizzes found
Score Distribution
Percent of People with Each Score
Percentile by Number Answered
Your Score History
You have not taken this quiz since the last reset